00813nam a22001937a 4500003000200000005001700002020001800019082001800037100002500055245001700080260004300097300001100140520027800151600002700429650003600456942000600492952010200498999001900600020260430165844.0 a9788126717422 aSA SOB K 1980 aSobti, Krishna 9814 aZindaginama  aNew Delhi bRajkamal Prakashan c2025 a392p.  aReading books is a kind of enjoyment. Reading books is a good habit. We bring you a different kinds of books. You can carry this book where ever you want. It is easy to carry. It can be an ideal gift to yourself and to your loved ones. Care instruction keep away from fire. aSahitya Acadmey919028 aUpanyas aHindi Fiction 919015 cB 00104070aLBSNAAbLBSNAAd2026-04-29l0oSA SOB K 1980p181871r2026-04-29w2026-04-29yB0x2 c360819d360819